Top 20 US Open Women's Players in Open Era - Statistics

General Stats
  • This quiz has been taken 143 times
    37 since last reset
  • The average score is 12 of 20
Answer Stats
# Player Country Points % Correct
2 Serena Williams United States 72
100%
5 Venus Williams United States 44
100%
4 Steffi Graf Germany 54
85%
3 Martina Navrátilová Czechoslovakia, USA 60
82%
1 Chris Evert United States 76
76%
14 Aryna Sabalenka Belarus 23
74%
13 Martina Hingis Switzerland 25
71%
7 Monica Seles Yugoslavia, USA 32
71%
18 Justine Henin Belgium 21
68%
11 Kim Clijsters Belgium 25
62%
12 Margaret Court Australia 25
62%
8 Billie Jean King United States 30
59%
9 Arantxa Sánchez Vicario Spain 29
56%
10 Gabriela Sabatini Argentina 28
56%
6 Lindsay Davenport United States 33
50%
16 Hana Mandlíková Czechoslovakia 22
41%
19 Tracy Austin United States 21
38%
15 Virginia Wade United Kingdom 23
38%
20 Pam Shriver United States 21
21%
17 Rosie Casals United States 22
6%
No matching quizzes found
Score Distribution
Percent of People with Each Score
Percentile by Number Answered
Your Score History
You have not taken this quiz since the last reset